| 000 | 00618nam a22001697a 4500 | ||
|---|---|---|---|
| 999 |
_c7967 _d7967 |
||
| 003 | GBCCL | ||
| 005 | 20241126110640.0 | ||
| 008 | 181121b ||||| |||| 00| 0 eng d | ||
| 040 | _cGBC | ||
| 082 |
_aARCH GBC-2006 _bTHA |
||
| 100 |
_aThanggoulian, T _913902 |
||
| 245 |
_aA Comparative Study of Doctrinal Teachings Followed by Different Denominations and Their Impacts in Churachandpur District, Manipur | _cT. Thanggoulian |
||
| 260 |
_aNew Lamka: _bGrace Bible College, _c2006 |
||
| 300 |
_a62 p.; _c20 x 29 cm. |
||
| 650 |
_aChurch Doctrine _vDogmatic Theology _zLamka _zChurachandpur _zManipur _913903 |
||
| 942 |
_2ddc _cTH |
||